Представление документа в формате RUSMARC

ПолеНазваниеЗначение
  Тип записи a
  Библиографический уровень m
001 Контрольный номер RU\bookru\bibl\914358
003 Постоянный идентификатор записи http://www.book.ru/book/914358
005 Дата корректировки 20161026111805.7
010 Индекс ISBN __
a ISBN 978-5-406-02780-6
100 Данные общей обработки 0_
a Данные общей обработки 20130506d2013 mk y0rusy50 ca
101 Язык документа 0_
a Язык текста Русский
102 Страна публикации __
a Страна публикации RU
105 Кодированные данные (монография) __
a Кодированные данные (монография) y ||||000yy
200 Заглавие и сведения об ответственности 1_
a Заглавие Финансовый менеджмент. Математические основы. Краткосрочная финансовая политика (для бакалавров)
210 Выходные данные __
a Место издания Москва
c Издательство КноРус
d Дата издания 2013
215 Физическое описание __
a Объем 301
330 Аннотация __
a Аннотация Предназначено для подготовки на основе современных концепций финансового менеджмента экономистов (финансистов) нового типа. Отвечает требованиям перехода к компетентностной модели высшего образования. Позволяет студентам освоить методы и инновации в финансовых стратегиях фирмы в условиях глобализации финансовых и товарных рынков и роста роли интеллектуального
к апитала в повышении эффективности компании.
С оответствует Федеральному государственному образовательному стандарту высшего профессионального образования третьего поколения.
Д ля студентов всех финансовых и экономических специальностей, а также для финансовых директоров
к омпаний, финансовых аналитиков и слушателей программ MBA.
606 Тематические рубрики __
a Основная рубрика Менеджмент
2 Код системы local
608 Указатель предметных рубрик __
a Жанр/форма Учебное пособие
2 Код системы local
675 Индекс УДК __
a Индекс УДК 336.6(075.8)
z Язык издания rus
686 Индексы других классификаций __
a Классификационный индекс 65.291.9-21я73
2 Код системы rubbk
700 Автор _1
a Фамилия Брусов П.Н., Филатова Т.В.
801 Источник записи _1
a Страна RU
b Организация book_ru
c Дата составления 20130506
g Правила каталогизации RCR
856 Электронный адрес документа 4_
u Универсальный указатель ресурса (URL) http://www.book.ru/book/914358
951 __
a http://www.book.ru/book/914358